Which Country has the Most... - Statistics

General Stats
  • This quiz has been taken 36 times
  • The average score is 8 of 10
Answer Stats
Hint Answer % Correct
chickens China
97%
people India
97%
area Russia
97%
gold United States
94%
beaches Australia
88%
glaciers (not on mainland) Denmark
84%
earthquakes Indonesia
78%
hapiest people Finland
75%
oil Venezuela
69%
oceanic territory France
63%
No matching quizzes found
Score Distribution
Percent of People with Each Score
Percentile by Number Answered
Your Score History
You have not taken this quiz